Statistics for Africa Map with 8 Extra Borders #3

Click here to take the quiz!

General Stats

  • This quiz has been taken 397 times
  • The average score is 7 of 8

Answer Stats

Country % Correct
Morocco
98%
Madagascar
97%
D. R. Congo
96%
Namibia
96%
Cameroon
95%
Kenya
95%
Senegal
87%
Egypt
68%

Score Distribution

Percentile by Number Answered

Percent of People with Each Score

Your Score History

You have not taken this quiz